01021cam a22002411 450000100060000000300080000600500170001400800410003103500190007203500200009104000250011104100080013608200330014411000300017724501360020726000990034330000260044250000680046850001200053665000500065665000370070671000360074351814BD-RjUL20211209075721.0160904s1964 pk 000 0 eng  a(BD-RjUL)51934 a(OCoLC)19428623 aDLCcMnU-LdDLCbeng aeng 223 a333.3095492 bEAS 1964 1 aEast Pakistan (Pakistan).14aThe East Bengal state acquisition and tenancy act, 1950 :bEast Bengal act XXVIII of 1951 : as modified up to the 31st may, 1964 /  aDacca :bOfficer on Special Duty, S. and G.A. Dept. incharge, East Pakistan Govt. Press,c1964 avii, 126 p. ;c26 cm. aAt head of title: Govt. of East Pakistan. Law Legislative Dept. aThe Dacca Gazette extarordinary, of Feb. 7, 1962 containing the East Pakistan ordinance no. IV of 1962: p. 177-180. 0aLand tenurexLaw and legislationzBangladesh. 0aLandlord and tenantzBangladesh.1 aEast Pakistan.bLaw Department.